000 03199cam a22012374i 4500
003 PE-LiUPU
005 20250813185359.0
008 150623s1998 miua r 000 0 eng d
020 _a0802845339
035 _a(Sirsi) i9780802845337
040 _aPE-LiUPU
_bspa
_cPE-LiUPU
_erda
049 _aPRUA
082 0 4 _a362.104 258
_bCh23
_221
245 0 4 _aThe changing face of health care :
_ba Christian appraisal of managed care, resource allocation, and patient-caregiver relationships /
_ceditado por John F. Kilner, Robert D. Orr, Judith Allen Shelly.
264 1 _aGrand Rapids, Michigan :
_bWilliam B. Eerdmans Publishing Co.,
_c1998.
300 _a314 páginas :
_bilustraciones ;
_c24 centímetros.
336 _atext
_2rdacontent
337 _aunmediated
_2rdamedia
338 _avolume
_2rdacarrier
490 1 _aHorizons in bioethics series
504 _aglosario: páginas 299-305.
505 0 _aIntroduction -- Setting the stage -- Economic encroachment -- Selected settings -- Assessing alternatives.
526 _aP202
526 _aP201
526 _aP163
526 _aP162
526 _aP161
526 _aP160
526 _aP148
526 _aP147
526 _aP146
526 _aP145
526 _aP144
526 _aP143
526 _aP142
526 _aP141
526 _aP140
526 _aP139
526 _aP138
526 _aP137
526 _aP136
526 _aP135
526 _aP134
526 _aP133
526 _aP129
526 _aP128
526 _aP127
526 _aP120
526 _aP119
526 _aP118
526 _aP116
526 _aP115
526 _aP114
526 _aP110
526 _aP109
526 _aP108
526 _aP104
526 _aP103
526 _aP102
526 _aP99
526 _aP98
526 _aP97
526 _aP96
526 _aP95
526 _aP93
526 _aP90
526 _aP89
526 _aP88
526 _aP83
526 _aP82
526 _aP62
526 _aP59
526 _aP58
526 _aP57
526 _aP51
526 _aP49
526 _aP48
526 _aP47
526 _aP29
526 _aP24
526 _aP20
526 _aP19
526 _aP17
526 _aP15
526 _aP14
526 _aP12
526 _aP10
526 _aP09
526 _aP08
526 _aP07
526 _aP06
526 _aP05
526 _aP04
526 _aP01
650 0 4 _aÉtica cristiana.
_91047
650 0 4 _aPlanes de actuación médica
_xAspectos morales y éticos.
700 1 _aKilner, John F.,
_eeditor.
700 1 _aOrr, Robert D.,
_eeditor.
700 1 _aShelly, Judith Allen,
_eed.
942 _2ddc
_cBOOK
949 _a362.104 258 CH23
_wDEWEY
_c1
_i45571
_lCCODEBUL1
_mBUL
_r0
_sY
_tBOOK
_u2015-6-24
_xTEOLOGIA
_PP35
_0COMPRA
_o.STAFF. Colección Teología
994 _aC0
_bPEPRU
596 _a1
999 _a362.104 258 CH23
_wDEWEY
_c22438
_i45571
_f2021-11-5
_g5
_lCCODEBUL1
_mBUL
_p60.00
_r0
_sY
_tBOOK
_u2015-6-24
_xBIBLIOTECA
_PP35
_0COMPRA
_o.STAFF. Colección Teología
_d22438
980 _81
_gALBERTO SANCHEZ Responsable de Automatización